Представление документа в формате RUSMARC

ПолеНазваниеЗначение
  Тип записи a
  Библиографический уровень m
001 Контрольный номер RU/SLIB/B/208787008
005 Дата корректировки 20201206204405.2
010 Индекс ISBN __
a ISBN 5-93196-501-7 (в обл.)
d Цена 118-50
101 Язык документа __
a Язык текста rus
c Язык оригинала rus
200 Заглавие и сведения об ответственности 1_
a Заглавие Межотраслевые правила по охране труда при работе на высоте в вопросах и ответах
e Сведения, относящиеся к заглавию пособие для изучения и подгот. к проверке знаний
f Первые сведения об ответственности авт.-сост. В. В. Красник
b Общее обозначение материала Текст
210 Выходные данные __
a Место издания М.
c Издательство НЦ ЭНАС
d Дата издания 2005
215 Физическое описание __
a Объем 79, [1] с.
c Иллюстрации/тип воспроизводства ил., табл.
330 Аннотация __
a Аннотация Данное пособие поможет специалистам в изучении Правил и при подготовке к проверке их знаний.
606 Тематические рубрики __
a Основная рубрика Экономика
a Основная рубрика Экономика труда
y Географическая подрубрика РФ ; Российская Федерация ; Россия
610 Ключевые слова __
a Ключевые слова труд; охрана труда; верхолазные работы; работы на высоте; монтажные работы; средства защиты; верхолазные устройства; безопасность труда; подъемники; грузоподъемные краны; канаты; стропы
686 Индексы других классификаций __
a Классификационный индекс 65.246
702 Вторичная интеллектуальная ответственность _1
a Фамилия Красник
b Имя В. В.
4 Код отношения Автор
4 Код отношения 070
4 Код отношения 220
801 Источник записи _0
a Страна RU
b Организация Муниципальное бюджетное учреждение культуры "Централизованная библиотечная система" г. Сургут (Центральная городская библиотека им. А. С. Пушкина)
g Правила каталогизации КиК/Елгина
801 Источник записи _1
a Страна RU
b Организация Муниципальное бюджетное учреждение культуры "Централизованная библиотечная система" г. Сургут (Центральная городская библиотека им. А. С. Пушкина)
g Правила каталогизации КиК/Елгина
852 Данные о местонахождении __
j Шифр хранения 65.246
c Каталожный индекс 65.247(2Рос)
i Авторский знак М 43
p Инвентарный номер Б/Н
901 Тип документа 1_
t Тип документа m
903 Характеристики (МАРС) __
a Дата передачи 20060503
969 Тип издания __
a Тип издания пособие
990 Данные о заказе (DOS) __
j Количество экземпляров (DOS) 1
h N записи в КСУ для Б/У (DOS) 200605